000 00873 a2200193 4500
003 Nust
005 20230206124001.0
010 _a 70132279
020 _a0379004496
040 _cNust
082 0 0 _a967.6,ROS
100 1 _aRosenthal, Ricky.
_9108665
245 1 4 _aThe Sign of the Ivory Horn :
_bEastern African Civilizations /
_cRicky Rosenthal
260 _aDobbs Ferry, N.Y.,
_bOceana Publications,
_c1971.
300 _a162 p.
_billus.
_c23 cm.
505 _aIntroduction (Page-1), In the Beginning (Page-9), Meroe in Relief (Page-19), Arabs and Africans (Page-38), Rhodesia’s Ruins of Mystery (Page-44), A Story in Stone (Page-56), People of the Hills (page-65), Cities on the Sea (Page-77), Island Outposts (Page-93), Portuguese Interlude (Page-100), Anglo- American Interregnum (Page-110).
651 0 _aAfrica, Eastern
_xHistory.
_9108666
942 _2ddc
_cBK
999 _c187517
_d187517